Membrane technology : an international newsletter Monthly.

Λεπτομέρειες βιβλιογραφικής εγγραφής
Συγγραφή απο Οργανισμό/Αρχή: Elsevier
Μορφή: Βιβλίο
Γλώσσα:English
Έκδοση: Oxford : Elsevier, 1998
Θέματα:
LEADER 00916nam a2200289 a 4500
001 GR-Patra11505
003 GR-PaULI
008 991022s1998 xxk 000 b eng d
022 |a 0958-2118 
040 |a GrPaTEI  |b gre  |c GR-PaULI 
082 0 |a 661 
245 0 0 |a Membrane technology :  |b an international newsletter  |n Monthly. 
260 |a Oxford :  |b Elsevier,  |c 1998 
650 0 |a Chemical engineering  |x Handbooks 
650 0 |a INDUSTRY 
650 0 |a TECHNOLOGY 
650 4 |a ΒΙΟΜΗΧΑΝΙΕΣ 
650 4 |a ΠΕΡΙΟΔΙΚΑ 
650 4 |a ΤΕΧΝΟΛΟΓΙΑ 
650 4 |a ΧΗΜΙΚΗ ΤΕΧΝΟΛΟΓΙΑ 
710 0 |a Elsevier 
907 |a .b26590207  |b 01-10-20  |c 23-09-16 
942 |2 ddc  |c JNL  |s 1 
952 |0 0  |1 0  |4 0  |7 0  |9 324486  |a LISK  |b LISK  |c SER  |d 2021-04-28  |e GrPaTEI  |l 0  |r 2021-04-28 00:00:00  |w 2021-04-28  |y JNL 
970 |c patra11505 
998 |a 24  |b 15-01-16  |c s  |d s   |e -  |f eng  |g xxk  |h 0 
999 |c 182258  |d 182258